000 00360 a2200133 4500
001 63057
040 _cAnchieta - Pituba
100 _aLívia Lima/ Josie Azevedo
240 1 0 _a1ª Avaliação de Língua Portuguesa, I unidade
_lpor
245 1 0 _a1ª Avaliação de Língua Portuguesa, I unidade
362 0 _a2017
650 4 _aLíngua portuguesa
942 _cBK
999 _c63057
_d63057